=LDR 00000nam 2200000 4500 =001 INLIS000000000040427 =005 20130612150007 =008 ***********************************ind** =035 ##$$0010-061300000040427 =041 ##$$a ind =082 ##$$a 657.75 =090 ##$$a 657.75, Sua g.1 =100 ##$$a SUADI, Nurzan =245 ##$$a Gunakan 7 jurus sakti melamar kerja anda langsung di terima, Cara menaklukkan perusahaan agar menggeser anda, Nurzan suadi, Eva sativa nilawati;Editor, Rayendra L. Toruan =260 ##$$a 2010 $b jakarta =300 ##$$a 144 Hlm, Ilus, 17 cm =650 ##$$a KERESPONDANSI-MELAMAR KERJA =700 ##$$a TORVAN, Rayendra L =850 ##$$a NBPNMAT =990 ##$$a 0001/BPAP-NTB/20142014 =990 ##$$a 0001/BPAP-NTB/2015